00857nam a2200253 a 4500001001000000005001700010008004100027041000800068044000800076050002500084100003500109245009800144260005100242300002900293500007300322500000900395600003000404650003300434650002400467650001500491650002100506710003200527710004400559BRCA_265320190320203917.0011208s1922----nyua---###---#000-0#eng-u aeng anyu 4aNK4320.M5b.B37 19221 aBarber, Edwin Atleed1851-191610aThe Emily Johnston de Forest Collection of Mexican Maiolica Cataloguecby Edwin Atlee Barber. aNew YorkbThe Metropolitan Museum of Artc1922 axxii, 41 p.bil.c23 cm. aLa biblioteca tiene 6 ejemplares con el mismo número de inventario aA10214aForest, Mrs. Robert W. de14aColeccionistas y colecciones14aCerámica mexicana14aMayólica14aTalavera poblana2 aHispanic Society of America2 aMetropolitan Museum of Art (Nueva York)